[Event "20th EUR-ch"]
[Site "Skopje MKD"]
[Date "2019.03.21"]
[Round "4"]
[White "Maloberti, David"]
[Black "Pogosyan, Stefan"]
[Result "1/2-1/2"]
[WhiteElo "2113"]
[BlackElo "2347"]
[EventDate "2019.03.18"]
[Board "142"]
[PlyCount "62"]

1.d4 Nf6 2.c4 b6 3.Nf3 e6 4.a3 Bb7 5.Bg5 d5 6.cxd5 exd5 7.e3 Bd6 8.Nc3 a6 
9.Bd3 Nbd7 10.Qc2 c5 11.O-O Qc7 12.Bh4 O-O 13.Bg3 Rfe8 14.dxc5 bxc5 15.
Rfd1 Rab8 16.Rac1 Bxg3 17.hxg3 Bc6 18.b4 c4 19.Be2 Nb6 20.Rd4 Nc8 21.Nh4 
Nd6 22.Bf3 Nb5 23.Nxb5 axb5 24.g4 Qe5 25.Nf5 g6 26.Ng3 Ra8 27.Qc3 Ra7 28.
Rcd1 Qg5 29.Rf4 Nd7 30.Rfd4 Qe5 31.Ne2 Nb6 1/2-1/2

[Event "20th EUR-ch"]
[Site "Skopje MKD"]
[Date "2019.03.21"]
[Round "4"]
[White "Peycheva, Gergana"]
[Black "Krykun, Yuriy"]
[Result "0-1"]
[WhiteElo "2065"]
[BlackElo "2342"]
[EventDate "2019.03.18"]
[Board "143"]
[PlyCount "82"]

1.d4 Nf6 2.c4 c5 3.d5 b5 4.cxb5 a6 5.b6 Bb7 6.Nc3 e6 7.e4 exd5 8.exd5 d6 
9.a4 a5 10.Nf3 Be7 11.Bb5+ Nbd7 12.Bc6 Bxc6 13.dxc6 Nxb6 14.Nb5 Nfd5 15.
O-O O-O 16.Re1 Qc8 17.c7 h6 18.Ra3 Re8 19.Rd3 Qb7 20.b3 Nxc7 21.Nxd6 Bxd6 
22.Rxd6 Rxe1+ 23.Nxe1 Ncd5 24.Nc2 Qc7 25.Rxd5 Nxd5 26.Qxd5 Rd8 27.Qh5 c4 
28.Bxh6 gxh6 29.Qg4+ Kf8 30.bxc4 Qd7 31.Qxd7 Rxd7 32.g4 Rd2 33.Ne3 Ra2 34.
Kf1 Rxa4 35.Ke2 Ra2+ 36.Kd3 Rxf2 37.c5 Ke7 38.Kc4 a4 39.Kb4 a3 40.Nd5+ Ke6
41.Nc7+ Kd7 0-1

[Event "20th EUR-ch"]
[Site "Skopje MKD"]
[Date "2019.03.21"]
[Round "4"]
[White "Lazov, Toni"]
[Black "Sekelja, Marko"]
[Result "1-0"]
[WhiteElo "2332"]
[BlackElo "2120"]
[EventDate "2019.03.18"]
[Board "144"]
[PlyCount "114"]

1.e4 c6 2.d4 d5 3.e5 Bf5 4.Nd2 e6 5.Nb3 Nd7 6.Nf3 Ne7 7.Be2 h6 8.O-O Qc7 
9.c3 g5 10.Ne1 O-O-O 11.Bd3 f6 12.exf6 Nxf6 13.Nc5 Nd7 14.Bxf5 Nxc5 15.Bh3
Ne4 16.f3 Nf6 17.Bxe6+ Kb8 18.Nd3 Ng6 19.g3 Bd6 20.Qc2 Rde8 21.Bf5 Ne7 22.
Bh3 Reg8 23.Be3 h5 24.Ne5 Rg7 25.Rae1 h4 26.g4 Nd7 27.Nxd7+ Qxd7 28.Qd2 
Rhg8 29.Rf2 Qc7 30.Bf1 Nc8 31.Bd3 Be7 32.b3 Rf8 33.c4 Rgf7 34.Ref1 Qd8 35.
c5 Ka8 36.b4 a6 37.a4 Na7 38.Bf5 Rxf5 39.gxf5 Rxf5 40.Rg2 Qg8 41.h3 Bd8 
42.f4 Qe6 43.fxg5 Rxf1+ 44.Kxf1 Qxh3 45.Qf2 Qh1+ 46.Qg1 Qh3 47.g6 Bf6 48.
Ke2 Qf5 49.g7 Qc2+ 50.Bd2 Qe4+ 51.Kd1 Qb1+ 52.Bc1 Qd3+ 53.Ke1 h3 54.g8=Q+ 
Nc8 55.Qxc8+ Ka7 56.Rd2 Bh4+ 57.Qf2 Qb3 1-0

[Event "20th EUR-ch"]
[Site "Skopje MKD"]
[Date "2019.03.21"]
[Round "4"]
[White "Terziev, Dimo"]
[Black "Radovanovic, Dusan"]
[Result "0-1"]
[WhiteElo "2041"]
[BlackElo "2331"]
[EventDate "2019.03.18"]
[Board "145"]
[PlyCount "68"]

1.e4 e6 2.d3 d5 3.Qe2 Nf6 4.Nf3 b5 5.Bg5 Be7 6.e5 Nfd7 7.Bxe7 Qxe7 8.d4 b4
9.Qd2 O-O 10.a3 bxa3 11.Nxa3 c6 12.Bd3 a5 13.O-O a4 14.c3 Ba6 15.Nc2 Bxd3 
16.Qxd3 Nb6 17.Ne3 N8d7 18.h4 h6 19.Rfb1 c5 20.h5 Rfb8 21.Qd2 Nf8 22.b3 
axb3 23.Rxa8 Nxa8 24.dxc5 Qxc5 25.Nd4 Nd7 26.f4 Qa3 27.c4 dxc4 28.Nxc4 Qc5
29.Ne3 Rb4 30.Nxb3 Qb6 31.Qc3 Nc5 32.Nc4 Ne4+ 33.Qe3 Rxc4 34.Qxb6 Nxb6 0-1

[Event "20th EUR-ch"]
[Site "Skopje MKD"]
[Date "2019.03.21"]
[Round "4"]
[White "Vetokhin, Savva"]
[Black "Osmanodja, Filiz"]
[Result "0-1"]
[WhiteElo "2022"]
[BlackElo "2326"]
[EventDate "2019.03.18"]
[Board "146"]
[PlyCount "86"]

1.e4 e5 2.Nf3 Nc6 3.Bb5 a6 4.Ba4 d6 5.Bxc6+ bxc6 6.d4 exd4 7.Qxd4 c5 8.Qd3
Ne7 9.O-O Ng6 10.Nc3 c6 11.h3 Be7 12.Be3 O-O 13.Rfe1 f5 14.Rad1 Kh8 15.Qe2
Qb6 16.Bc1 f4 17.b3 a5 18.Na4 Qc7 19.c4 Be6 20.Bb2 Rad8 21.Bc3 Nh4 22.Rd3 
Nxf3+ 23.Qxf3 Kg8 24.Red1 h6 25.Qe2 Ra8 26.Qd2 f3 27.gxf3 Bg5 28.Qe2 Bf4 
29.Kg2 Rae8 30.Bd2 Qe7 31.Bxf4 Rxf4 32.Rh1 d5 33.Re3 dxc4 34.bxc4 Rd8 35.
Nb2 Rd4 36.Rd3 Qg5+ 37.Kf1 Rxd3 38.Qxd3 Qf6 39.Qe2 Rxf3 40.Kg2 Ra3 41.f3 
Rxa2 42.Rb1 a4 43.e5 Qg6+ 0-1

[Event "20th EUR-ch"]
[Site "Skopje MKD"]
[Date "2019.03.21"]
[Round "4"]
[White "Pastar, Slaven"]
[Black "Aydincelebi, Kagan"]
[Result "1/2-1/2"]
[WhiteElo "2324"]
[BlackElo "2115"]
[EventDate "2019.03.18"]
[Board "147"]
[PlyCount "84"]

1.Nf3 c5 2.c4 g6 3.g3 Bg7 4.Bg2 Nc6 5.O-O e5 6.Nc3 Nge7 7.Rb1 O-O 8.a3 a5 
9.d3 d6 10.Nd2 Be6 11.Nd5 Rb8 12.b3 Qd7 13.Nxe7+ Nxe7 14.b4 axb4 15.axb4 
cxb4 16.Rxb4 b5 17.cxb5 Rxb5 18.Rxb5 Qxb5 19.Ne4 Nf5 20.Nc3 Qa5 21.Bd2 Rc8
22.e3 Qa6 23.Qb1 Qa7 24.Qb5 Rb8 25.Qc6 Rb2 26.Ne4 Bd7 27.Qc4 Be6 28.Qc6 
Bd7 29.Qc4 Be6 30.Qc1 Qa2 31.Bc3 Rc2 32.Qb1 Qxb1 33.Rxb1 h6 34.Bb4 Ba2 35.
Ra1 Bf8 36.Bf3 Rb2 37.Ba3 Rb1+ 38.Rxb1 Bxb1 39.Be2 d5 40.Bxf8 dxe4 41.dxe4
Kxf8 42.exf5 Bxf5 1/2-1/2

[Event "20th EUR-ch"]
[Site "Skopje MKD"]
[Date "2019.03.21"]
[Round "4"]
[White "Velkovski, Kristijan"]
[Black "Tsvetkov, Andrey"]
[Result "0-1"]
[WhiteElo "2003"]
[BlackElo "2322"]
[EventDate "2019.03.18"]
[Board "148"]
[PlyCount "76"]

1.e4 c5 2.Nf3 d6 3.Bb5+ Nd7 4.d4 cxd4 5.Qxd4 a6 6.Bxd7+ Bxd7 7.Nc3 e5 8.
Qd3 b5 9.a3 h6 10.O-O Nf6 11.Re1 Qc7 12.Nd2 Be7 13.Nf1 Rc8 14.Ne3 Be6 15.
Ned5 Nxd5 16.exd5 Bd7 17.Qg3 g5 18.Bd2 f5 19.f4 Kf7 20.Qf3 g4 21.Qf2 Bf6 
22.fxe5 dxe5 23.Rf1 Kg7 24.Ne4 Be7 25.Bc3 Rhe8 26.Qg3 Bd8 27.Nf2 Bf6 28.
Kh1 Qc4 29.Rad1 f4 30.Qd3 e4 31.Qxc4 Rxc4 32.Bxf6+ Kxf6 33.Rde1 Bf5 34.c3 
e3 35.d6 Kg5 36.Re2 f3 37.Ree1 Rcc8 38.gxf3 exf2 0-1

[Event "20th EUR-ch"]
[Site "Skopje MKD"]
[Date "2019.03.21"]
[Round "4"]
[White "Dedebas, Emre Emin"]
[Black "Asllani, Muhamet"]
[Result "1-0"]
[WhiteElo "2319"]
[BlackElo "2105"]
[EventDate "2019.03.18"]
[Board "149"]
[PlyCount "89"]

1.d4 Nf6 2.Nf3 e6 3.c4 b6 4.g3 Bb7 5.Bg2 d5 6.cxd5 Nxd5 7.O-O Be7 8.Ne5 
O-O 9.e4 Nf6 10.Nc3 Nbd7 11.Nc4 Ba6 12.Qa4 Bb7 13.Bf4 a6 14.Qd1 Bb4 15.Qe2
a5 16.e5 Bxg2 17.Kxg2 Bxc3 18.exf6 Bxd4 19.fxg7 Bxg7 20.Rfd1 Qc8 21.Kg1 
Nf6 22.Rac1 Nd5 23.Be5 f6 24.Bd4 c5 25.Nxb6 Nxb6 26.Bxc5 Na4 27.Bxf8 Qxf8 
28.Qxe6+ Kh8 29.Rc7 Rb8 30.b3 Nb6 31.Rd6 Re8 32.Qg4 f5 33.Qxg7+ Qxg7 34.
Rxg7 Kxg7 35.Rxb6 a4 36.bxa4 Re4 37.a5 Ra4 38.a6 Rxa2 39.Kg2 Ra3 40.h4 h6 
41.h5 f4 42.gxf4 Ra5 43.Rg6+ Kh7 44.Kg3 Rxh5 45.Rb6 1-0

[Event "20th EUR-ch"]
[Site "Skopje MKD"]
[Date "2019.03.21"]
[Round "4"]
[White "Karaoglan, Kivanc"]
[Black "Rabatin, Jakub"]
[Result "0-1"]
[WhiteElo "1943"]
[BlackElo "2313"]
[EventDate "2019.03.18"]
[Board "150"]
[PlyCount "84"]

1.d4 Nf6 2.c4 g6 3.Nf3 Bg7 4.g3 O-O 5.Bg2 d6 6.O-O Nc6 7.Nc3 Bf5 8.Ne1 Qd7
9.e4 Bh3 10.f4 Bxg2 11.Kxg2 e5 12.fxe5 dxe5 13.d5 Nd4 14.Nd3 Rae8 15.b3 
Kh8 16.c5 Nxe4 17.Nxe4 Qxd5 18.Re1 f5 19.Nb4 Qd7 20.Ng5 f4 21.Bb2 Qf5 22.
Nf3 fxg3 23.Bxd4 exd4 24.Rxe8 Rxe8 25.hxg3 d3 26.Nxd3 Rd8 27.Nfe1 Qe4+ 28.
Kh2 Rd5 29.Nf4 Rxd1 30.Rxd1 Be5 31.Rd8+ Kg7 32.Rd7+ Kh6 33.Neg2 Bxf4 34.
Nxf4 Qc2+ 35.Ng2 Qxc5 36.Rd2 Qh5+ 37.Kg1 Qg5 38.Rd3 Qc1+ 39.Kh2 Qc2 40.Rd7
Qxa2 41.Rxc7 Qxb3 42.Nf4 a5 0-1

[Event "20th EUR-ch"]
[Site "Skopje MKD"]
[Date "2019.03.21"]
[Round "4"]
[White "Yordanov, Lachezar"]
[Black "Andolfatto, Maria"]
[Result "1-0"]
[WhiteElo "2308"]
[BlackElo "2033"]
[EventDate "2019.03.18"]
[Board "151"]
[PlyCount "89"]

1.Nf3 d5 2.b3 Nf6 3.Bb2 e6 4.g3 Be7 5.Bg2 O-O 6.O-O c5 7.c4 d4 8.b4 Qb6 9.
Qb3 Rd8 10.b5 Nbd7 11.d3 e5 12.Nbd2 Qc7 13.a4 a5 14.Rfe1 Nf8 15.e3 h6 16.
exd4 exd4 17.Ne4 Bf5 18.Nfd2 N8d7 19.Re2 Re8 20.Rae1 Bf8 21.Bc1 Re6 22.
Nxf6+ Nxf6 23.Rxe6 Bxe6 24.Ne4 Nxe4 25.Bxe4 Bd6 26.Bd2 Kf8 27.Qb1 Qd7 28.
Qb3 h5 29.Qd1 Bg4 30.Bf3 Re8 31.Rxe8+ Kxe8 32.Bxg4 hxg4 33.Bxa5 Kf8 34.Qe2
Qc8 35.Bb6 Kg8 36.a5 Kf8 37.Qe4 Kg8 38.Kg2 g6 39.Qd5 Bf8 40.Kf1 Be7 41.Qe5
Bf8 42.Kg2 Kh7 43.Qc7 Qf5 44.Qxb7 Qxd3 45.a6 1-0

[Event "20th EUR-ch"]
[Site "Skopje MKD"]
[Date "2019.03.21"]
[Round "4"]
[White "Milosevic, Milos"]
[Black "Filip, Andrei"]
[Result "1-0"]
[WhiteElo "2299"]
[BlackElo "1894"]
[EventDate "2019.03.18"]
[Board "152"]
[PlyCount "51"]

1.e4 e6 2.d3 d5 3.Nd2 Nf6 4.Ngf3 c5 5.g3 Nc6 6.Bg2 Be7 7.O-O O-O 8.Re1 b6 
9.e5 Nd7 10.h4 Qc7 11.Qe2 Ba6 12.Nf1 Rac8 13.Bf4 c4 14.d4 Nb4 15.Qd1 b5 
16.Ne3 Nb8 17.h5 h6 18.Ng4 Rfd8 19.Nfh2 Kh7 20.Re3 Kg8 21.Bh3 Kf8 22.Rf3 
Nd7 23.Qd2 Ke8 24.a3 Nc6 25.c3 Rb8 26.Bxh6 1-0

[Event "20th EUR-ch"]
[Site "Skopje MKD"]
[Date "2019.03.21"]
[Round "4"]
[White "Azadaliyev, Jahandar"]
[Black "Petkov, Momchil"]
[Result "1-0"]
[WhiteElo "1863"]
[BlackElo "2296"]
[EventDate "2019.03.18"]
[Board "153"]
[PlyCount "117"]

1.d4 Nf6 2.c4 g6 3.Nc3 Bg7 4.e4 d6 5.Be2 O-O 6.Nf3 e5 7.Bg5 Na6 8.dxe5 
dxe5 9.Qxd8 Rxd8 10.Nd5 Rd6 11.Bxf6 Bxf6 12.Nxf6+ Rxf6 13.Nxe5 Re6 14.f4 
Re8 15.O-O Nc5 16.b4 Nxe4 17.Bf3 Nd2 18.Bd5 Rxe5 19.fxe5 Nxf1 20.Rxf1 Bf5 
21.g4 Be6 22.Bxe6 fxe6 23.Rd1 Rf8 24.Kg2 Rf4 25.Rd8+ Rf8 26.Rd4 c5 27.bxc5
Rc8 28.Kg3 g5 29.h4 Rxc5 30.Rd8+ Kg7 31.Rd7+ Kg8 32.Rxb7 Rxc4 33.hxg5 Rc5 
34.Rxa7 Rxe5 35.Kf4 Rc5 36.a4 Rc4+ 37.Ke5 Rxg4 38.Kf6 Rf4+ 39.Kxe6 Rf1 40.
a5 Rg1 41.Kf5 Rf1+ 42.Ke4 Ra1 43.a6 Ra5 44.Kd4 Kh8 45.Kc4 Kg8 46.Kb4 Ra1 
47.Kb5 Rb1+ 48.Kc6 Ra1 49.Kb6 Rb1+ 50.Kc7 Rc1+ 51.Kb8 Ra1 52.Kc8 Ra2 53.
Ra8 Kg7 54.Kb7 Kg6 55.Rg8+ Kf5 56.Rc8 Rb2+ 57.Ka8 Rb5 58.a7 Ra5 59.Kb7 1-0

[Event "20th EUR-ch"]
[Site "Skopje MKD"]
[Date "2019.03.21"]
[Round "4"]
[White "Batkoski, Nenad"]
[Black "Tomazini, Zan"]
[Result "0-1"]
[WhiteElo "1846"]
[BlackElo "2431"]
[EventDate "2019.03.18"]
[Board "154"]
[PlyCount "120"]

1.e4 g6 2.d4 Bg7 3.c3 d6 4.Bc4 Nf6 5.Qc2 O-O 6.Nf3 Nc6 7.Bg5 h6 8.Bf4 e5 
9.dxe5 Nh5 10.Be3 dxe5 11.O-O Qf6 12.h3 Nf4 13.Bxf4 exf4 14.Re1 Re8 15.Qd1
g5 16.e5 Nxe5 17.Nxe5 Rxe5 18.Rxe5 Qxe5 19.Qd8+ Bf8 20.Nd2 Qe7 21.Qd3 Qd6 
22.Qc2 Be6 23.Ne4 Qe5 24.Bd3 Rd8 25.Rd1 Be7 26.Nd2 Qa5 27.b3 Kg7 28.Nc4 
Qc5 29.a4 Bf6 30.Re1 c6 31.Rc1 b5 32.axb5 cxb5 33.Nb2 Qe5 34.b4 f3 35.Be4 
fxg2 36.Kxg2 Qf4 37.Rd1 Rxd1 38.Nxd1 Be5 39.Ne3 Qh2+ 40.Kf1 Bxh3+ 41.Ke1 
Qg1+ 42.Ke2 Qa1 43.c4 bxc4 44.Qxc4 Qb2+ 45.Bc2 Bf4 46.Qe4 Bxe3 47.fxe3 Qf6
48.Qh7+ Kf8 49.Qe4 a6 50.Qa8+ Kg7 51.Qe4 Bd7 52.Kd2 Bc6 53.Qh7+ Kf8 54.Bf5
Qb2+ 55.Bc2 Qxb4+ 56.Kc1 Qd6 57.Bb3 Be8 58.e4 Qf4+ 59.Kc2 Qf6 60.e5 Qg6+ 
0-1

[Event "20th EUR-ch"]
[Site "Skopje MKD"]
[Date "2019.03.21"]
[Round "4"]
[White "Marinskii, Yurii"]
[Black "Banzea, Alexandru-Bogdan"]
[Result "0-1"]
[WhiteElo "2156"]
[BlackElo "2427"]
[EventDate "2019.03.18"]
[Board "155"]
[PlyCount "96"]

1.e4 c5 2.Nc3 d6 3.g3 Nc6 4.Bg2 g6 5.d3 Bg7 6.f4 Nf6 7.Nf3 O-O 8.O-O Rb8 
9.a4 a6 10.h3 b5 11.axb5 axb5 12.g4 b4 13.Ne2 Bb7 14.Ng3 Ra8 15.Rb1 Ra2 
16.g5 Nd7 17.h4 Qa5 18.Nd2 Qa7 19.Nc4 Nb6 20.Ne3 Ra1 21.Rxa1 Qxa1 22.e5 
dxe5 23.f5 Rd8 24.Ne4 Nd4 25.fxg6 hxg6 26.Nxc5 Bxg2 27.Kxg2 Na4 28.Nxa4 
Qxa4 29.h5 Qc6+ 30.Kg1 e4 31.h6 Bh8 32.Qg4 exd3 33.cxd3 Nb3 34.Qf4 Qe6 35.
Ng4 Nxc1 36.Rxc1 Bxb2 37.h7+ Kh8 38.Rf1 Bd4+ 39.Kh1 Qf5 40.Qxf5 gxf5 41.
Nh6 Kxh7 42.Nxf5 Bc3 43.Nxe7 Kg7 44.Rb1 Rxd3 45.Kg2 Rd7 46.Nc6 Rc7 47.Na5 
Rc5 48.Nb3 Rxg5+ 0-1

[Event "20th EUR-ch"]
[Site "Skopje MKD"]
[Date "2019.03.21"]
[Round "4"]
[White "Mihov, Filip"]
[Black "Arsovic, Zoran"]
[Result "1-0"]
[WhiteElo "2152"]
[BlackElo "2422"]
[EventDate "2019.03.18"]
[Board "156"]
[PlyCount "69"]

1.d4 Nf6 2.c4 e6 3.Nc3 Bb4 4.e3 O-O 5.Bd3 c5 6.a3 Bxc3+ 7.bxc3 Nc6 8.Ne2 
d6 9.e4 e5 10.d5 Ne7 11.O-O h6 12.f3 Ng6 13.Be3 Nh5 14.Qd2 Bd7 15.a4 Rc8 
16.g4 Nf6 17.Ng3 Nh7 18.Kh1 Kh8 19.Nf5 Qf6 20.Rg1 Rg8 21.g5 hxg5 22.Bxg5 
Nxg5 23.Rxg5 Nf8 24.Rh5+ Nh7 25.Qg2 Bxf5 26.exf5 g6 27.Rh6 Rg7 28.Qh3 Rc7 
29.Rg1 e4 30.Bxe4 Qxc3 31.fxg6 fxg6 32.Bxg6 Qe3 33.Rxh7+ Rxh7 34.Bxh7 Rxh7
35.Qc8+ 1-0

[Event "20th EUR-ch"]
[Site "Skopje MKD"]
[Date "2019.03.21"]
[Round "4"]
[White "Efremov, Vladislav"]
[Black "Tate, Alan"]
[Result "1/2-1/2"]
[WhiteElo "2115"]
[BlackElo "2306"]
[EventDate "2019.03.18"]
[Board "157"]
[PlyCount "44"]

1.d4 e6 2.c4 b6 3.a3 Bb7 4.Nc3 f5 5.d5 Nf6 6.g3 Bd6 7.Bg2 a5 8.Nh3 Na6 9.
O-O Nc5 10.Be3 Nce4 11.Nxe4 fxe4 12.dxe6 dxe6 13.Qa4+ Qd7 14.Qxd7+ Kxd7 
15.Rfd1 a4 16.f4 exf3 17.exf3 Ra5 18.Nf2 Ke7 19.Nd3 Rd8 20.Rac1 Rf5 21.f4 
Bxg2 22.Kxg2 g5 1/2-1/2

[Event "20th EUR-ch"]
[Site "Skopje MKD"]
[Date "2019.03.21"]
[Round "4"]
[White "Ibanez Aullana, Ramon"]
[Black "Ivanova, Karina"]
[Result "1/2-1/2"]
[WhiteElo "2283"]
[BlackElo "2114"]
[EventDate "2019.03.18"]
[Board "158"]
[PlyCount "72"]

1.Nf3 Nf6 2.g3 b6 3.Bg2 Bb7 4.O-O e6 5.d3 d5 6.e4 dxe4 7.Ng5 Nbd7 8.Nc3 
Be7 9.Ngxe4 Qc8 10.b3 O-O 11.Qe2 c5 12.Bb2 a6 13.f4 Re8 14.g4 b5 15.g5 
Nxe4 16.Nxe4 c4 17.Qg4 c3 18.Nxc3 Bc5+ 19.Kh1 Bd4 20.Nd1 Bxb2 21.Nxb2 
Bxg2+ 22.Qxg2 Qc3 23.Rab1 Rac8 24.Rf2 Nb6 25.Nd1 Qd4 26.Qe4 e5 27.f5 Nd5 
28.a3 Nc3 29.Qxd4 exd4 30.Nxc3 Rxc3 31.Ra1 Re3 32.a4 b4 33.a5 Rc5 34.Ra4 
Rb5 35.h4 Ree5 36.Rf4 Red5 1/2-1/2

[Event "20th EUR-ch"]
[Site "Skopje MKD"]
[Date "2019.03.21"]
[Round "4"]
[White "Tomashevskaya, Lidia"]
[Black "Gueci, Tea"]
[Result "1/2-1/2"]
[WhiteElo "2112"]
[BlackElo "2252"]
[EventDate "2019.03.18"]
[Board "159"]
[PlyCount "60"]

1.e4 c5 2.Nf3 Nc6 3.d4 cxd4 4.Nxd4 Nf6 5.Nc3 e5 6.Ndb5 d6 7.Bg5 a6 8.Na3 
b5 9.Nd5 Be7 10.Bxf6 Bxf6 11.c3 O-O 12.Be2 Bg5 13.O-O Rb8 14.Nc2 Kh8 15.
Ncb4 Nxb4 16.Nxb4 Qb6 17.a4 bxa4 18.Qxa4 Bb7 19.Nxa6 Bxa6 20.Qxa6 Qxb2 21.
Ra2 Qxc3 22.Qxd6 Rfd8 23.Qa3 Qd4 24.Qa7 f6 25.Qxd4 Rxd4 26.Bf3 g6 27.g3 
Rb7 28.Kg2 Kg7 29.h4 Bh6 30.Rfa1 Rdb4 1/2-1/2

[Event "20th EUR-ch"]
[Site "Skopje MKD"]
[Date "2019.03.21"]
[Round "4"]
[White "Trajkovski, Mile"]
[Black "Jarvenpaa, Jari"]
[Result "0-1"]
[WhiteElo "2105"]
[BlackElo "2243"]
[EventDate "2019.03.18"]
[Board "160"]
[PlyCount "56"]

1.e4 c5 2.Nf3 Nc6 3.d4 cxd4 4.Nxd4 e5 5.Nb5 d6 6.N1c3 a6 7.Na3 Be6 8.Be3 
Nf6 9.Nc4 b5 10.Nb6 Rb8 11.Nbd5 Be7 12.Be2 O-O 13.O-O Qd7 14.f4 exf4 15.
Bxf4 b4 16.Nxf6+ Bxf6 17.Nd5 Bxb2 18.Rb1 Be5 19.Bxe5 dxe5 20.Kh1 a5 21.Bc4
Kh8 22.Qh5 f6 23.Qh4 Nd4 24.Rf2 Qc6 25.Bd3 Rb7 26.Rbf1 Rbf7 27.Kg1 Qc5 28.
g4 Nf3+ 0-1

[Event "20th EUR-ch"]
[Site "Skopje MKD"]
[Date "2019.03.21"]
[Round "4"]
[White "Polatel, Ali"]
[Black "Caglar, Sila"]
[Result "1-0"]
[WhiteElo "2220"]
[BlackElo "2094"]
[EventDate "2019.03.18"]
[Board "161"]
[PlyCount "47"]

1.Nf3 d5 2.g3 Bg4 3.Bg2 c6 4.O-O e6 5.d3 Bd6 6.Nbd2 Nd7 7.e4 Ne7 8.Qe1 O-O
9.h3 Bh5 10.b3 e5 11.Bb2 f6 12.d4 Bf7 13.dxe5 fxe5 14.Ng5 Qb6 15.exd5 cxd5
16.c4 Nc5 17.Nxf7 Rxf7 18.cxd5 Nd3 19.Nc4 Qc5 20.Qe2 Nxb2 21.Qxb2 Raf8 22.
Rac1 Qc7 23.Nxd6 Qxd6 24.Be4 1-0

[Event "20th EUR-ch"]
[Site "Skopje MKD"]
[Date "2019.03.21"]
[Round "4"]
[White "Angun, Batu"]
[Black "Tifferet, Shaked"]
[Result "1/2-1/2"]
[WhiteElo "2076"]
[BlackElo "2219"]
[EventDate "2019.03.18"]
[Board "162"]
[PlyCount "42"]

1.d4 Nf6 2.c4 e6 3.Nf3 d5 4.Nc3 dxc4 5.e3 a6 6.a4 c5 7.Bxc4 Nc6 8.O-O Be7 
9.b3 O-O 10.Bb2 cxd4 11.exd4 Nd5 12.Rc1 Nxc3 13.Bxc3 Nb4 14.Bxb4 Bxb4 15.
d5 Qe7 16.dxe6 Bxe6 17.Bxe6 Qxe6 18.Rc4 Ba5 19.Qc2 Rfe8 20.b4 Bd8 21.h3 a5
1/2-1/2

[Event "20th EUR-ch"]
[Site "Skopje MKD"]
[Date "2019.03.21"]
[Round "4"]
[White "Tarun, Kanyamarala"]
[Black "Ongut, Tamas Gunes"]
[Result "1-0"]
[WhiteElo "2027"]
[BlackElo "2197"]
[EventDate "2019.03.18"]
[Board "163"]
[PlyCount "67"]

1.d4 Nf6 2.c4 g6 3.g3 Bg7 4.Bg2 O-O 5.Nc3 d6 6.Nf3 Nbd7 7.O-O e5 8.e4 c6 
9.h3 Qb6 10.Re1 exd4 11.Nxd4 Re8 12.Nc2 Nc5 13.Rb1 a5 14.Be3 Qc7 15.Bf4 
Rd8 16.Qd2 Ne6 17.Be3 b6 18.b3 Bb7 19.Rbc1 Nc5 20.Rcd1 Rac8 21.Nd4 Re8 22.
Qc2 Ne6 23.Nxe6 Rxe6 24.Na4 Nd7 25.Rc1 Qd8 26.Qe2 Ba6 27.Red1 Rb8 28.Qd2 
Qc7 29.f4 Nf6 30.Nc3 h5 31.f5 gxf5 32.exf5 Ree8 33.Bh6 Kh7 34.Bxg7 1-0

[Event "20th EUR-ch"]
[Site "Skopje MKD"]
[Date "2019.03.21"]
[Round "4"]
[White "Ivic, Mateo"]
[Black "Roch, Florian"]
[Result "1/2-1/2"]
[WhiteElo "2183"]
[BlackElo "1916"]
[EventDate "2019.03.18"]
[Board "164"]
[PlyCount "48"]

1.e4 c5 2.Nf3 d6 3.d4 cxd4 4.Nxd4 Nf6 5.Nc3 a6 6.h3 e5 7.Nde2 h5 8.Bg5 Be6
9.Bxf6 Qxf6 10.Nd5 Qd8 11.Nec3 Nc6 12.Bc4 Rc8 13.Bb3 b5 14.O-O Nd4 15.Rc1 
g5 16.Ne2 Nxe2+ 17.Qxe2 g4 18.hxg4 hxg4 19.g3 Rh3 20.Ne3 Bd7 21.Kg2 Qg5 
22.Rh1 Qh5 23.Nd5 Bg7 24.Rcd1 f5 1/2-1/2

[Event "20th EUR-ch"]
[Site "Skopje MKD"]
[Date "2019.03.21"]
[Round "4"]
[White "Chigaeva, Anastasia"]
[Black "Huttl, Sofie"]
[Result "1-0"]
[WhiteElo "2167"]
[BlackElo "1741"]
[EventDate "2019.03.18"]
[Board "165"]
[PlyCount "73"]

1.d4 d5 2.c4 e6 3.Nf3 Nf6 4.Nc3 Nbd7 5.Bg5 c6 6.e3 Qa5 7.Qb3 Ne4 8.Bh4 Bd6
9.Bd3 Ndf6 10.c5 Bb8 11.O-O O-O 12.Qc2 Nxc3 13.bxc3 h6 14.Bxf6 gxf6 15.Nh4
Qc7 16.f4 f5 17.Qe2 f6 18.Qh5 Qf7 19.Qxh6 Qg7 20.Qh5 Qh7 21.Qxh7+ Kxh7 22.
Kf2 Kg7 23.Rg1 Rh8 24.Nf3 b6 25.g4 bxc5 26.gxf5+ Kf7 27.dxc5 exf5 28.Rg2 
a5 29.Rag1 a4 30.Nd4 Bd7 31.Rg7+ Ke8 32.h4 Kd8 33.Rxd7+ Kxd7 34.Rg7+ Kd8 
35.Bxf5 Rxh4 36.Bd7 Rh8 37.Ne6# 1-0

[Event "20th EUR-ch"]
[Site "Skopje MKD"]
[Date "2019.03.21"]
[Round "4"]
[White "Kocyigit, Buse Naz"]
[Black "De Seroux, Camille"]
[Result "0-1"]
[WhiteElo "1973"]
[BlackElo "2160"]
[EventDate "2019.03.18"]
[Board "166"]
[PlyCount "44"]

1.e4 c5 2.Nf3 Nc6 3.d4 cxd4 4.Nxd4 g6 5.c4 Bg7 6.Be3 Nf6 7.Nc3 Ng4 8.Qxg4 
Nxd4 9.Qd1 e5 10.Nb5 d6 11.Qd2 Nxb5 12.cxb5 Be6 13.Be2 O-O 14.O-O f5 15.f3
Rf7 16.Rfd1 Rd7 17.b3 d5 18.exd5 Rxd5 19.Qe1 Rxd1 20.Rxd1 Qe7 21.Qa5 Qf7 
22.Rc1 e4 {47...0-1} 0-1

[Event "20th EUR-ch"]
[Site "Skopje MKD"]
[Date "2019.03.21"]
[Round "4"]
[White "Kacakovski, Dimitar"]
[Black "Martinov, Levko"]
[Result "1-0"]
[WhiteElo "2043"]
[BlackElo "2225"]
[EventDate "2019.03.18"]
[Board "167"]
[PlyCount "81"]

1.e4 e6 2.d4 d5 3.Nc3 Bb4 4.e5 c5 5.a3 cxd4 6.axb4 dxc3 7.Qg4 Ne7 8.Bd3 
Qc7 9.Qxg7 Rg8 10.Qf6 Nd7 11.Qf4 Qxe5+ 12.Qxe5 Nxe5 13.Bxh7 Rg7 14.Bd3 
Nxd3+ 15.cxd3 cxb2 16.Bxb2 Rxg2 17.h4 Kf8 18.h5 Kg8 19.Ne2 Nf5 20.Be5 Rg4 
21.d4 Bd7 22.f3 Rh4 23.Rxh4 Nxh4 24.Kf2 Kh7 25.Ng3 Bb5 26.Bf6 Nf5 27.Nxf5 
exf5 28.Kg3 Bd7 29.Kf4 a6 30.Ke5 Be6 31.Ra5 b6 32.Rxd5 Bxd5 33.Kxd5 a5 34.
b5 a4 35.Kc6 a3 36.d5 a2 37.Ba1 Rc8+ 38.Kxb6 Rc1 39.Bf6 a1=Q 40.Bxa1 Rxa1 
41.d6 1-0

[Event "20th EUR-ch"]
[Site "Skopje MKD"]
[Date "2019.03.21"]
[Round "4"]
[White "Dwilewicz, Katarzyna"]
[Black "Stoinev, Metodi"]
[Result "0-1"]
[WhiteElo "2040"]
[BlackElo "2215"]
[EventDate "2019.03.18"]
[Board "168"]
[PlyCount "83"]

1.e4 e5 2.Nf3 d6 3.d4 exd4 4.Nxd4 Nf6 5.Nc3 Be7 6.Bc4 O-O 7.O-O c6 8.a4 
Re8 9.Ba2 Bf8 10.Re1 Nbd7 11.Bg5 Ne5 12.h3 Ng6 13.Qf3 Be7 14.Rad1 h6 15.
Be3 Ne5 16.Qe2 Bf8 17.f4 Ned7 18.Qf3 Qc7 19.Bf2 Nc5 20.Bh4 Nh7 21.Kh1 Be7 
22.Bf2 Qb6 23.e5 d5 24.f5 Ng5 25.Qf4 Bf8 26.Rb1 Nce4 27.Nxe4 Nxe4 28.Rxe4 
dxe4 29.e6 Kh8 30.Qxe4 f6 31.Bb3 Be7 32.Rd1 Qb4 33.c3 Qb6 34.a5 Qxa5 35.
Nf3 Qb5 36.Bc2 Qxb2 37.Nh4 Qxc3 38.Ng6+ Kh7 39.Kh2 b6 40.Bb1 Ba6 41.Rd7 
Bc5 42.Qg4 0-1

[Event "20th EUR-ch"]
[Site "Skopje MKD"]
[Date "2019.03.21"]
[Round "4"]
[White "Birkholz, Olga"]
[Black "Risteski, Emil"]
[Result "0-1"]
[WhiteElo "2037"]
[BlackElo "2132"]
[EventDate "2019.03.18"]
[Board "169"]
[PlyCount "68"]

1.e4 c5 2.Nf3 Nc6 3.b3 d6 4.Bb2 e5 5.Nc3 g6 6.Nd5 Nf6 7.Qe2 Bg7 8.Nxf6+ 
Qxf6 9.h3 O-O 10.c3 Qe7 11.d3 Be6 12.Qc2 d5 13.Be2 d4 14.c4 f5 15.exf5 
gxf5 16.a3 e4 17.Nd2 e3 18.fxe3 dxe3 19.Nf3 Nd4 20.Bxd4 Bxd4 21.O-O-O Bg7 
22.Kb1 b5 23.Ka2 a5 24.Rb1 Rfb8 25.h4 h6 26.g3 a4 27.bxa4 b4 28.axb4 cxb4 
29.d4 b3+ 30.Rxb3 Rxa4+ 31.Kb2 Rxb3+ 32.Qxb3 Rb4 33.Ra1 Qb7 34.Ra8+ Kh7 
0-1

[Event "20th EUR-ch"]
[Site "Skopje MKD"]
[Date "2019.03.21"]
[Round "4"]
[White "Ivankovic, Ivo"]
[Black "Tadic, Katarina"]
[Result "1-0"]
[WhiteElo "2109"]
[BlackElo "2031"]
[EventDate "2019.03.18"]
[Board "170"]
[PlyCount "71"]

1.c4 c5 2.Nc3 Nc6 3.Nf3 Nf6 4.d4 cxd4 5.Nxd4 g6 6.e4 Bg7 7.Be3 d6 8.Be2 
O-O 9.O-O a5 10.Rc1 Nxd4 11.Bxd4 Nd7 12.Bxg7 Kxg7 13.Nd5 Nc5 14.Bf3 Kg8 
15.Qd2 Bd7 16.Qe3 f6 17.h4 Rf7 18.g3 Rc8 19.Bg2 Bc6 20.Nf4 Bd7 21.h5 g5 
22.Nd5 g4 23.Rfd1 Be6 24.Nf4 Bd7 25.b3 Rg7 26.Bf1 Rg5 27.Rd5 e5 28.Nd3 Bc6
29.Nxc5 Bxd5 30.cxd5 Rxc5 31.Rxc5 dxc5 32.Qxc5 Rxh5 33.d6 Rg5 34.Bc4+ Kh8 
35.Qc7 Qf8 36.d7 1-0

[Event "20th EUR-ch"]
[Site "Skopje MKD"]
[Date "2019.03.21"]
[Round "4"]
[White "Janjic, Stefan"]
[Black "Hadzi-Manev, Ljubomir"]
[Result "1/2-1/2"]
[WhiteElo "2086"]
[BlackElo "2030"]
[EventDate "2019.03.18"]
[Board "171"]
[PlyCount "47"]

1.d4 d5 2.c4 e6 3.Nc3 c5 4.cxd5 exd5 5.Nf3 Nc6 6.g3 Nf6 7.Bg2 Be7 8.O-O 
O-O 9.Bg5 c4 10.Ne5 Be6 11.e3 Nd7 12.Nxc6 bxc6 13.Bxe7 Qxe7 14.Na4 Rab8 
15.b3 cxb3 16.axb3 Qb4 17.Qc2 Rfc8 18.Rfc1 Qxb3 19.Qxb3 Rxb3 20.h4 Kf8 21.
Nc3 Ra8 22.Na4 Rc8 23.Nc3 Ra8 24.Na4 1/2-1/2